Introverts in the church : (Record no. 3853)
[ view plain ]
| 000 -LEADER | |
|---|---|
| fixed length control field | 00844nam a22002412 4500 |
| 001 - CONTROL NUMBER | |
| control field | 0000019027 |
| 005 - DATE AND TIME OF LATEST TRANSACTION | |
| control field | 20151217145910.0 |
| 008 - FIXED-LENGTH DATA ELEMENTS--GENERAL INFORMATION | |
| fixed length control field | 100831s xx 000 0 eng d |
| 020 ## - INTERNATIONAL STANDARD BOOK NUMBER | |
| International Standard Book Number | 0830837021 : |
| 040 ## - CATALOGING SOURCE | |
| Original cataloging agency | KABU |
| Transcribing agency | KABU |
| 100 1# - MAIN ENTRY--PERSONAL NAME | |
| Personal name | McHugh, Adam S. |
| -- | 0000178570 |
| 245 10 - TITLE STATEMENT | |
| Title | Introverts in the church : |
| Remainder of title | finding our place in an extroverted church / |
| Statement of responsibility, etc. | Adam S. McHugh. |
| 250 ## - EDITION STATEMENT | |
| Edition statement | 1st ed. |
| 260 ## - PUBLICATION, DISTRIBUTION, ETC. (IMPRINT) | |
| Place of publication, distribution, etc. | Downers Grove, IL. : |
| Name of publisher, distributor, etc. | InterVarsity, |
| Date of publication, distribution, etc. | 2009. |
| 300 ## - PHYSICAL DESCRIPTION | |
| Extent | 222 p. |
| 650 #0 - SUBJECT ADDED ENTRY--TOPICAL TERM | |
| Topical term or geographic name as entry element | Introversion |
| General subdivision | Religious aspects |
| -- | Christianity. |
| -- | 0000178571 |
| 650 #0 - SUBJECT ADDED ENTRY--TOPICAL TERM | |
| Topical term or geographic name as entry element | Introverts |
| General subdivision | Religious life. |
| -- | 0000178572 |
| 650 #0 - SUBJECT ADDED ENTRY--TOPICAL TERM | |
| Topical term or geographic name as entry element | Personality |
| General subdivision | Religious aspects |
| -- | Christianity. |
| -- | 0000149252 |
| 650 #0 - SUBJECT ADDED ENTRY--TOPICAL TERM | |
| Topical term or geographic name as entry element | Psychology, Religious. |
| -- | 0000147930 |
| 852 1# - LOCATION | |
| -- | p1498 KES |
| 908 ## - PUT COMMAND PARAMETER (RLIN) | |
| Put command parameter | 100831 |
| 950 ## - LOCAL HOLDINGS (RLIN) | |
| -- | 1 |
| Withdrawn status | Lost status | Source of classification or shelving scheme | Not for loan | Home library | Current library | Date acquired | Total Checkouts | Full call number | Barcode | Date last seen | Date last checked out | Price effective from | Koha item type |
|---|---|---|---|---|---|---|---|---|---|---|---|---|---|
| Library of Congress Classification | Kabarak, Main Campus | Kabarak, Main Campus | 17/12/2015 | 4 | BV4597 .I58M24 2009 c. 1 | 24178 | 13/12/2019 | 27/11/2019 | 17/12/2015 | General Collection |